000 01258nam a22002417a 4500
005 20120112143825.0
008 120112t xxu||||| |||| 00| 0 mar d
010 _aMAR-21978
020 _a9788184983333
_c160.00
035 _aMR-14636
037 _bDBAD/PUB
040 _aDPL
_bMR
082 _a158.83
100 _aवेल्श, सुझी
_939079
245 _a10-10-10 :
_cसुझी वेल्श ; विदुला टोकेकर द्वारा अनुवादित
_b10 मिनिटे-10महिने-10वर्षे जीवन बदलून टाकणारी कल्पना /
246 _a10-10-10
_bby Suzy Welch
260 _aपुणे
_bमेहता पब्लिशिंग हाऊस
_c2012
270 _a1941,सदाशिव पेठ,माडीवाले कॉलनी
_bपुणे
_e411030
300 _a168पृ.
_c22सेमी(अजिल्द)
700 _aटोकेकर,विदुला
_945007
942 _2ddc
_cMR
_mवेल्शसु
_h153.83
999 _c64928
_d64928